Modern physics (Record no. 51500)

MARC details
000 -LEADER
fixed length control field 00596nam a2200181 a 4500
008 - FIXED-LENGTH DATA ELEMENTS--GENERAL INFORMATION
fixed length control field 120416s1961 ||||||||||||||||| || u
020 ## - INTERNATIONAL STANDARD BOOK NUMBER
International Standard Book Number 0713123443
050 ## - LIBRARY OF CONGRESS CALL NUMBER
Classification number QC 173 Car
100 ## - MAIN ENTRY--PERSONAL NAME
Personal name Spicer, B. M
245 10 - TITLE STATEMENT
Title Modern physics
246 ## - VARYING FORM OF TITLE
Title proper/short title an introduction to atomic nuclear physics
250 ## - EDITION STATEMENT
Edition statement 2nd ed.
260 ## - PUBLICATION, DISTRIBUTION, ETC.
Place of publication, distribution, etc. London
Name of publisher, distributor, etc. Edward Arnold
Date of publication, distribution, etc. 1961(1971)
300 ## - PHYSICAL DESCRIPTION
Extent (xv), 221p. : ill
350 ## - PRICE (NR) (BK AM CF MU VM SE) [OBSOLETE]
Price 0.00
700 ## - ADDED ENTRY--PERSONAL NAME
Personal name Caro, David Edmund
995 ## - RECOMMENDATION 995 [LOCAL, UNIMARC FRANCE]
-- 0.00
-- CBU-MAIN LIBRARY (Kitwe)
-- 1
-- 1.75
-- 1
-- DAMAGED
-- Main Library Open Access Collection
Holdings
Withdrawn status Lost status Source of classification or shelving scheme Damaged status Not for loan Home library Current library Shelving location Date acquired Total Checkouts Full call number Barcode Date last seen Price effective from Koha item type
          CBU-MAIN LIBRARY, KITWE. CBU-MAIN LIBRARY, KITWE.   11/30/2022   QC 173 Car 012763 11/30/2022 11/30/2022 MONOGRAPH